000 02192nam a22003617a 4500
001 1002460.0
003 KnowledgeUnlatched
005 20210303104848.0
006 m o d
007 cr u||||||||||
008 210129p20182020cau o u00| u eng d
037 _5BiblioBoard
245 0 0 _aMiddlebrow Modernism
_cChristopher Chowrimootoo.
020 _a9780520970700
024 8 _a10.1525/luminos.57
029 1 _ahttps://library.biblioboard.com/ext/api/media/0be1c6b5-54f8-4b24-b2ba-58ceffde19d3/assets/thumbnail.jpg
040 _aScCtBLL
_cScCtBLL
100 1 _aChowrimootoo, Christopher
_eauthor.
264 1 _bUniversity of California Press,
300 _a1 online resource (1 p.)
506 0 _aAccess copy available to the general public.
_fUnrestricted
_2star
520 _aSituated at the intersection between the history, historiography and aesthetics of twentieth-century music, this study uses Benjamin Britten's operas to illustrate the ways in which composers, critics and audiences mediated the "great divide" between modernism and mass culture. Reviving mid-century discussions of the "middlebrow," Chowrimootoo demonstrates how these works allowed audiences to have their modernist cake and eat it: to revel in the pleasures of consonance, lyricism and theatrical spectacle, even while enjoying the prestige that came from rejecting them. By focusing on moments when reigning aesthetic oppositions and hierarchies threatened to collapse, Middlebrow Modernism offers a powerful model for recovering shades of grey in the black-and-white historiographies of twentieth-century music.
588 0 _aDescription based on print version record.
590 _aLuminos
650 7 _aMusic
_2bisacsh
650 0 _aMusic
655 0 _aElectronic books.
758 _iIs found in:
_aKnowledge Unlatched
_1https://openresearchlibrary.org/module/2774bc74-146a-484f-a7ba-ab1d6a09bbfb
856 4 0 _uhttps://openresearchlibrary.org/content/0be1c6b5-54f8-4b24-b2ba-58ceffde19d3
_zView this content on Open Research Library.
_70
999 _c25098
_d25098